000
00354 a2200169 4500
001
162679
020
_a
85-329-0283-9
040
_c
Magnum
100
_a
Rennó, Regina Coeli
240
1
0
_a
História de amor
_l
por
245
1
0
_a
História de amor
300
_a
23
362
0
_a
1997
440
1
_a
Lê
697
_a
LITERATURA INFANTIL
942
_c
BK
999
_c
162679
_d
162679